00319nam a22001097a 4500020002200000082001500022100002200037245007200059250001900131260005100150300000800201 a978-0-226-81638-8 a001.42 TUR aTurabian, Kate L. aA Manual for Writers: Of Research Papers, Theses, And Dissertations aEighth edition aChicagobThe University of Chicago Pressc2013 a448